[Event "VIII TchRUS W"]
[Site "Sochi RUS"]
[Date "2007.05.02"]
[Round "2"]
[White "Tairova, Elena"]
[Black "Gaponenko, Inna"]
[Result "0-1"]
[WhiteElo "2414"]
[BlackElo "2451"]
[Annotator ""]
[Source ""]
[Remark ""]

1.e4 c5 2.Nf3 d6 3.d4 cxd4 4.Nxd4 Nf6 5.f3 Nc6 6.c4 Qb6 7.Nc2
e6 8.Nc3 Be7 9.Be2 O-O 10.Rb1 Rd8 11.Be3 Qc7 12.O-O d5 13.Nb5
Qb8 14.exd5 exd5 15.Qc1 Bf5 16.Bf4 Qc8 17.g4 Bg6 18.Nc7 d4 19.Nxa8
d3 20.Bxd3 Bxd3 21.Nc7 Bc5+ 22.Kh1 Nxg4 23.Bg3 Qf5 24.b4 Nf2+
25.Rxf2 Bxf2 26.Bxf2 Qxf3+ 27.Kg1 Be4 28.Kf1 Qh3+ 29.Ke1 Qc3+
30.Kf1 Bxc2 31.Ra1 Qh3+ 32.Ke1 Qc3+ 33.Kf1 Qxc4+ 34.Kg2 Qg4+
35.Bg3 Qe2+ 36.Bf2 Be4+ 37.Kg1 Qf3 38.Kf1 Qg2+ 0-1

[Event "VIII TchRUS W"]
[Site "Sochi RUS"]
[Date "2007.05.02"]
[Round "2"]
[White "Chistiakova, Tamara"]
[Black "Pogonina, Natalija"]
[Result "1-0"]
[WhiteElo "2337"]
[BlackElo "2419"]
[Annotator ""]
[Source ""]
[Remark ""]

1.d4 Nf6 2.c4 c5 3.d5 b5 4.Nf3 b4 5.Bg5 g6 6.Nbd2 Bg7 7.e4 d6
8.Bd3 O-O 9.O-O Nbd7 10.h3 Nh5 11.Qc2 Re8 12.Rfe1 Qc7 13.Nf1
a5 14.g4 Nhf6 15.Ng3 Bb7 16.Qd2 Nf8 17.Kh2 e6 18.Bh6 Bh8 19.Rg1
N6d7 20.Rae1 a4 21.Re2 exd5 22.exd5 Rxe2 23.Qxe2 Ne5 24.Nxe5
Bxe5 25.f4 Bd4 26.Re1 a3 27.b3 Bf6 28.g5 Bc3 29.Qe7 Qd8 30.Re2
Ba6 31.Kg2 f5 32.h4 Qxe7 33.Rxe7 Rd8 34.Bxf8 Rxf8 35.Rd7 Re8
36.Rxd6 Bc8 37.h5 Kf7 38.Rc6 Bd7 39.Rc7 Ke7 40.Rxc5 Kd6 41.Ra5
Re3 42.Be2 gxh5 43.c5+ Kxd5 44.Bf3+ Rxf3 45.Kxf3 h4 46.Nxf5 h3
47.Ne7+ Ke6 48.c6 1-0

[Event "VIII TchRUS W"]
[Site "Sochi RUS"]
[Date "2007.05.02"]
[Round "2"]
[White "Gromova, Iulia"]
[Black "Kovalevskaya, Ekaterina"]
[Result "0-1"]
[WhiteElo "2252"]
[BlackElo "2432"]
[Annotator ""]
[Source ""]
[Remark ""]

1.d4 Nf6 2.c4 d6 3.Nc3 Nbd7 4.e4 e5 5.Nge2 g6 6.f3 Bg7 7.Be3
c6 8.Qd2 h5 9.d5 c5 10.Nc1 Nh7 11.Rb1 O-O 12.b4 b6 13.bxc5 bxc5
14.Be2 f5 15.exf5 gxf5 16.Nb3 Ba6 17.O-O Qf6 18.Nb5 Bxb5 19.cxb5
Qg6 20.Kh1 Kh8 21.Na5 Rf7 22.Nc6 Nb6 23.Rbc1 Re8 24.a4 f4 25.Bg1
Nxa4 26.Qa5 Nb6 27.Nxa7 Rb7 28.Nc6 Qf7 29.Rfd1 Nf6 30.Qd2 Ra8
31.Bf1 Nfxd5 32.Bc4 Nxc4 33.Qxd5 Qxd5 34.Rxd5 Ne3 35.Rxd6 Rxb5
36.g3 Ra2 37.Re6 c4 38.gxf4 exf4 39.Bxe3 fxe3 40.Rxe3 Rbb2 41.Ne5
c3 42.f4 Rxh2+ 43.Kg1 Rag2+ 44.Kf1 c2 45.Nf3 Rf2+ 46.Ke1 Rxf3
47.Rxf3 Bb2 48.Rxc2 Rxc2 49.Kf1 Bf6 50.Rf2 Rc5 51.Kg2 Kg7 52.Kh3
Rc3+ 53.Kh2 Kg6 54.Rg2+ Kf5 55.Rg3 Rc4 56.Rf3 Kg4 57.Rf1 Rc2+
58.Kh1 Kg3 59.Rd1 Kxf4 60.Rg1 Kf3 61.Rg6 Bh4 62.Rg2 Rc4 63.Rg1
Bf2 64.Rg2 Bg3 65.Rf2+ Bxf2 0-1

[Event "VIII TchRUS W"]
[Site "Sochi RUS"]
[Date "2007.05.02"]
[Round "2"]
[White "Kochetkova, Julia"]
[Black "Kuzevanova, Evgenia"]
[Result "1/2-1/2"]
[WhiteElo "2320"]
[BlackElo "2176"]
[Annotator ""]
[Source ""]
[Remark ""]

1.e4 e6 2.d4 d5 3.Nd2 Nf6 4.e5 Nfd7 5.c3 c5 6.Bd3 Nc6 7.Ne2 Qb6
8.Nf3 cxd4 9.cxd4 f6 10.exf6 Nxf6 11.O-O Bd6 12.Nc3 O-O 13.Be3
a6 14.a3 Bd7 15.Rc1 Be8 16.Ng5 Bf7 17.Qc2 h6 18.Nh7 Nxh7 19.Bxh7+
Kh8 20.Bd3 Rac8 21.Qd2 Qd8 22.Bb1 Qf6 23.Qd3 Bg8 24.Rce1 Ne7
25.Ne2 Nf5 26.Bd2 Rc4 27.b3 Rc7 28.Bf4 Rfc8 29.Qd2 Bh7 30.Bxf5
Bxf4 31.Nxf4 Bxf5 32.Re5 Rc2 33.Qb4 b5 34.h4 Rc1 35.Rfe1 Be4
36.g3 R8c3 37.Kf1 Rxe1+ 38.Kxe1 Rc1+ 39.Ke2 Rc2+ 40.Ke1 Rc1+
41.Ke2 Rc2+ 42.Ke1 1/2-1/2

[Event "VIII TchRUS W"]
[Site "Sochi RUS"]
[Date "2007.05.02"]
[Round "2"]
[White "Ushenina, Anna"]
[Black "Chmilyte, Viktoria"]
[Result "1-0"]
[WhiteElo "2475"]
[BlackElo "2462"]
[Annotator ""]
[Source ""]
[Remark ""]

1.e4 c5 2.Nf3 Nc6 3.d4 cxd4 4.Nxd4 Nf6 5.Nc3 e5 6.Ndb5 d6 7.Bg5
a6 8.Na3 b5 9.Nd5 Be7 10.Bxf6 Bxf6 11.c4 b4 12.Nc2 Rb8 13.b3
O-O 14.g3 Be6 15.h4 Be7 16.Qd2 a5 17.Rd1 Rb7 18.Bh3 Bxh3 19.Rxh3
Qc8 20.Rh2 f5 21.exf5 Qxf5 22.Nde3 Qf7 23.Qd5 Qxd5 24.Nxd5 Bd8
25.f4 exf4 26.Nxf4 Ne5 27.Nd4 Bb6 28.Rf2 Re7 29.Nfe2 Bxd4 30.Rxf8+
Kxf8 31.Nxd4 Nxc4+ 32.Ne2 Ne3 33.Rxd6 Nf5 34.Rd8+ Kf7 35.Kd2
Re5 36.Rd3 h5 37.Nf4 g6 38.Rd7+ Kf6 39.Rd3 Re4 40.Nd5+ Ke5 41.Nf4
Ne7 42.Rd7 Rd4+ 43.Nd3+ Rxd3+ 44.Kxd3 Ke6 45.Ra7 Nc6 46.Rc7 Kd5
47.Rg7 Ne5+ 48.Ke3 Kc5 49.Ke4 Kd6 50.Rg8 1-0

[Event "VIII TchRUS W"]
[Site "Sochi RUS"]
[Date "2007.05.02"]
[Round "2"]
[White "Demina, Julia"]
[Black "Iljushina, Olga"]
[Result "1/2-1/2"]
[WhiteElo "2330"]
[BlackElo "2281"]
[Annotator ""]
[Source ""]
[Remark ""]

1.d4 Nf6 2.c4 e6 3.Nf3 b6 4.a3 Bb7 5.Nc3 d5 6.Bg5 Be7 7.e3 Nbd7
8.Bd3 O-O 9.O-O dxc4 10.Bxc4 c5 11.Qe2 cxd4 12.exd4 Re8 13.Rad1
Nd5 14.Bxd5 Bxd5 15.Nxd5 exd5 16.Bxe7 Rxe7 17.Qb5 Nf6 18.Ne5
Qe8 19.Qxe8+ Raxe8 20.Rc1 h5 21.f3 Nd7 22.Nxd7 Rxd7 23.Rfe1 Rxe1+
24.Rxe1 Rc7 25.Re8+ Kh7 26.h4 Rc2 27.Re7 Rxb2 28.Rxa7 Rd2 29.Rxf7
Rxd4 30.Rb7 Rxh4 31.Rxb6 Ra4 32.Rb5 Rxa3 1/2-1/2

[Event "VIII TchRUS W"]
[Site "Sochi RUS"]
[Date "2007.05.02"]
[Round "2"]
[White "Fominykh, Maria"]
[Black "Turova, Irina"]
[Result "0-1"]
[WhiteElo "2306"]
[BlackElo "2386"]
[Annotator ""]
[Source ""]
[Remark ""]

1.Nf3 Nf6 2.g3 b5 3.d3 Bb7 4.e4 d6 5.Bg2 e6 6.Qe2 a6 7.c3 c5
8.Nbd2 Be7 9.O-O O-O 10.Kh1 Re8 11.Ne1 Nc6 12.f4 Nd7 13.Nc2 a5
14.f5 exf5 15.Rxf5 Nb6 16.Qf1 f6 17.Ne3 Bf8 18.Rf2 a4 19.Rb1
Rb8 20.b3 b4 21.cxb4 Nxb4 22.a3 Nc6 23.bxa4 Ba6 24.Ndc4 Nxc4
25.Rxb8 Qxb8 26.Nxc4 Ne5 27.Rb2 Qa7 28.Bf4 Nxc4 29.dxc4 Bb7 30.Qb1
Bc6 31.Rd2 Qxa4 32.Qd3 Qa8 33.Re2 f5 34.Bxd6 fxe4 35.Qd1 Rd8
36.Rd2 e3 37.Rd5 Rxd6 38.Rxd6 Bxg2+ 39.Kg1 Bxd6 40.Qxd6 Bh3 0-1

[Event "VIII TchRUS W"]
[Site "Sochi RUS"]
[Date "2007.05.02"]
[Round "2"]
[White "Sudakova, Irina"]
[Black "Sharevich, Anna"]
[Result "1/2-1/2"]
[WhiteElo "2371"]
[BlackElo "2323"]
[Annotator ""]
[Source ""]
[Remark ""]

1.e4 c5 2.Nf3 e6 3.d4 cxd4 4.Nxd4 a6 5.Nc3 b5 6.Bd3 Qb6 7.Nf3
Qc7 8.O-O Bb7 9.Re1 d6 10.a4 b4 11.Na2 d5 12.exd5 Bxd5 13.c4
Bb7 14.b3 Nf6 15.Bb2 Nbd7 16.Qe2 Bd6 17.Rad1 O-O 18.h3 Rfe8 19.Ng5
h6 20.Ne4 Be7 21.Nc1 Rad8 22.Bb1 Nxe4 23.Bxe4 Bxe4 24.Qxe4 Bf6
25.Bxf6 Nxf6 26.Qe2 a5 27.Rxd8 Rxd8 28.Rd1 Rxd1+ 29.Qxd1 e5 30.Qd3
Nd7 31.Qd5 Nc5 32.Nd3 Nxd3 33.Qxd3 Qc5 34.Qd8+ Kh7 35.Qd7 f6
36.Qd3+ Kg8 37.h4 Kf7 38.Qd7+ Kf8 39.Kf1 h5 40.Ke2 g6 41.g3 f5
42.Qh7 Qd4 43.Qh8+ Kf7 44.Qh7+ Kf6 45.Qh8+ Kf7 46.Qh7+ Kf6 1/2-1/2

[Event "VIII TchRUS W"]
[Site "Sochi RUS"]
[Date "2007.05.02"]
[Round "2"]
[White "Shadrina, Tatiana"]
[Black "Mongontuul, Bathuyag"]
[Result "1/2-1/2"]
[WhiteElo "2378"]
[BlackElo "2388"]
[Annotator ""]
[Source ""]
[Remark ""]

1.e4 c5 2.Nf3 e6 3.d4 cxd4 4.Nxd4 Nc6 5.Nc3 a6 6.Be2 Qc7 7.Be3
b5 8.O-O Bb7 9.f4 Bc5 10.Qd2 Qb6 11.Rad1 Nf6 12.e5 Nxd4 13.Bxd4
Ne4 14.Nxe4 Bxe4 15.c3 Ra7 16.Qe3 Bxd4 17.Rxd4 Bd5 18.a3 O-O
19.Kh1 f6 20.Qh3 Qc6 21.Bd3 g6 22.Re1 Raa8 23.Be4 Bxe4 24.Rexe4
fxe5 25.Rxe5 Rf7 26.Qe3 Raf8 27.Kg1 Qb6 28.g3 Qc6 29.Qe4 Rc8
30.Qxc6 Rxc6 31.Kf2 Kg7 32.Ke3 h5 33.a4 d5 34.axb5 axb5 35.Rb4
Rb7 36.Kd3 Kf6 37.Re1 Ra6 38.Kd4 Ra8 39.h3 Rg8 40.Rf1 Ra8 41.Rh1
Kf5 42.Re1 Kf6 43.g4 hxg4 44.hxg4 Rh8 45.Re5 Rh4 46.g5+ Ke7 47.Kd3
Rh1 48.Re3 Kd6 49.Ke2 Rb6 50.Kf2 Kc5 51.Kg2 Rd1 52.Kf3 Ra6 53.Ke2
Raa1 54.Rd4 Rh1 55.Rd2 Rae1+ 56.Kd3 Rxe3+ 57.Kxe3 Rh3+ 58.Kf2
Rh2+ 59.Ke3 Rh3+ 60.Kf2 Rh2+ 61.Ke3 Rxd2 62.Kxd2 Kc4 63.Kc2 d4
64.Kd2 dxc3+ 65.bxc3 Kc5 66.Kc2 Kc4 67.Kd2 Kd5 68.Kd3 e5 69.fxe5
Kxe5 70.Ke3 Kd5 71.Kd3 Ke5 72.Ke3 Kd5 1/2-1/2

[Event "VIII TchRUS W"]
[Site "Sochi RUS"]
[Date "2007.05.02"]
[Round "2"]
[White "Gunina, Valentina"]
[Black "Shen, Yang"]
[Result "1-0"]
[WhiteElo "2308"]
[BlackElo "2440"]
[Annotator ""]
[Source ""]
[Remark ""]

1.d4 d5 2.c4 c6 3.Nf3 Nf6 4.Nc3 dxc4 5.a4 Bf5 6.e3 e6 7.Bxc4
Bb4 8.O-O O-O 9.Nh4 Bg4 10.f3 Bh5 11.g4 Nd5 12.Ng2 Bg6 13.Qb3
a5 14.e4 Nb6 15.Be2 c5 16.dxc5 Bxc5+ 17.Be3 Qe7 18.Kh1 Nc6 19.Nb5
Rfd8 20.Rac1 Nd7 21.Rfd1 Bb4 22.h4 h6 23.g5 hxg5 24.Bxg5 f6 25.Be3
Bf7 26.Nf4 f5 27.Kg2 fxe4 28.fxe4 Qxh4 29.Nd6 Nc5 30.Rxc5 Bxc5
31.Bxc5 Qxf4 32.Be3 Qf6 33.Qxb7 Ne5 34.Rf1 Qg6+ 35.Kf2 Rdb8 36.Qe7
Qf6+ 37.Qxf6 gxf6 38.Rg1+ Bg6 39.Bd4 Kh7 40.Ke3 Rb3+ 41.Bc3 Rd8
42.Nb5 Rc8 43.Kf4 Rcxc3 44.bxc3 Rb2 45.Nd4 Bf7 46.Ke3 Nd7 47.Bb5
Nc5 48.e5 fxe5 49.Nf3 Bg6 50.Nxe5 Bf5 51.Nf3 Ne4 52.Kd4 Kh6 53.c4
Rc2 54.Bc6 Nf6 55.Kc5 Be4 56.Nd4 Rc3 57.Nb5 Rc2 58.Rf1 Bd5 59.Rxf6+
Kg5 60.Bxd5 Kxf6 61.Bxe6 Ra2 62.Kd6 Rxa4 63.Nc3 Ra1 64.c5 Rc1
65.Nd5+ Kg5 66.c6 a4 67.c7 a3 68.Nb4 Rxc7 69.Kxc7 Kf4 70.Kd6
Ke4 71.Nc2 Kf4 72.Nxa3 Ke4 73.Nb5 Kf4 74.Kd5 Ke3 75.Bf5 Kf4 76.Nd6
Ke3 77.Nc4+ Kf3 78.Ke5 Ke2 79.Kf4 Kd1 80.Ke3 Kc1 81.Kd4 Kd1 82.Na5
Ke2 83.Nb3 Kf3 84.Ke5 Kg3 85.Nd4 Kf2 86.Kf4 Ke1 87.Ke3 Kd1 88.Nb3
Ke1 89.Bg4 Kf1 90.Nc5 Kg2 91.Kf4 Kg1 92.Nd3 Kg2 93.Bf5 Kf1 94.Kf3
Kg1 95.Bh3 Kh2 96.Kg4 Kh1 97.Kg3 Kg1 98.Bg4 Kf1 99.Bf3 Kg1 100.Be2
Kh1 101.Nf2+ 1-0

[Event "VIII TchRUS W"]
[Site "Sochi RUS"]
[Date "2007.05.02"]
[Round "2"]
[White "Ruan, Lufei"]
[Black "Cherenkova, Kristina"]
[Result "1/2-1/2"]
[WhiteElo "2370"]
[BlackElo "2249"]
[Annotator ""]
[Source ""]
[Remark ""]

1.e4 c5 2.Nf3 e6 3.d4 cxd4 4.Nxd4 a6 5.c4 Nf6 6.Nc3 Bb4 7.Qd3
Nc6 8.Nxc6 dxc6 9.Qxd8+ Kxd8 10.Bd2 e5 11.O-O-O Ke7 12.f3 Be6
13.a3 Bc5 14.Na4 Nd7 15.Nxc5 Nxc5 16.Bb4 b6 17.Kc2 Rhd8 18.Be2
f6 19.Rxd8 Rxd8 20.Kc3 a5 21.Bxc5+ bxc5 22.Rc1 Rb8 23.Bd1 Kd6
24.Ba4 Kc7 25.Rg1 h5 26.h4 Rd8 27.Bc2 Rd4 28.Bd3 g5 29.Rh1 Bf7
30.Rh3 Rd8 31.Be2 Rg8 32.Rh1 Rd8 33.g4 hxg4 34.hxg5 gxf3 35.Bxf3
fxg5 36.Rh7 Rd7 37.Rg7 g4 38.Bxg4 Be6 39.Rxd7+ Bxd7 40.Bxd7 Kxd7
41.Kc2 a4 42.Kd2 Kd6 43.Ke3 Ke7 44.Kf3 Kf7 45.Kg3 Kg7 46.Kh3
Kh7 47.Kg3 Kg7 48.Kh3 Kh7 1/2-1/2

[Event "VIII TchRUS W"]
[Site "Sochi RUS"]
[Date "2007.05.02"]
[Round "2"]
[White "Ambartsumova, Karina"]
[Black "Nebolsina, Vera"]
[Result "0-1"]
[WhiteElo "2201"]
[BlackElo "2297"]
[Annotator ""]
[Source ""]
[Remark ""]

1.e4 c5 2.Nf3 Nc6 3.Bb5 d6 4.d4 cxd4 5.Qxd4 Bd7 6.Bxc6 Bxc6 7.Nc3
Nf6 8.Bg5 e6 9.O-O-O Be7 10.Qd3 Qa5 11.h4 h6 12.Bd2 Ng4 13.Qe2
Bf6 14.Ne1 Ne5 15.Kb1 Qa6 16.Nd3 Nc4 17.Nb4 Nxd2+ 18.Qxd2 Qb6
19.Nxc6 bxc6 20.Na4 Qb5 21.Nc3 Qb7 22.Rh3 Rb8 23.b3 d5 24.exd5
cxd5 25.Qf4 O-O 26.g4 Qb4 27.Qxb4 Rxb4 28.Rg1 Rc8 29.Nd1 Rd4
30.Kc1 g5 31.hxg5 Bxg5+ 32.Ne3 Rf4 33.Kb1 Rxf2 34.c4 d4 35.Nc2
Rd2 36.Nb4 a5 37.Nc2 d3 38.Na3 Bf6 39.Rxh6 Bd4 40.Rgh1 Rb2+ 41.Kc1
Rxa2 42.Nb5 Be5 43.R6h5 Rd8 44.Rxe5 Ra1+ 45.Kd2 Rxh1 46.Rg5+
Kf8 0-1

[Event "VIII TchRUS W"]
[Site "Sochi RUS"]
[Date "2007.05.02"]
[Round "2"]
[White "Zhao, Xue"]
[Black "Grabuzova, Tatiana"]
[Result "1-0"]
[WhiteElo "2467"]
[BlackElo "2357"]
[Annotator ""]
[Source ""]
[Remark ""]

1.c4 e5 2.Nc3 Nf6 3.g3 d5 4.cxd5 Nxd5 5.Bg2 Nb6 6.Nf3 Nc6 7.a3
Be7 8.b4 a6 9.d3 O-O 10.O-O Kh8 11.Bb2 f6 12.Rc1 Bg4 13.Ne4 Qd7
14.Qc2 Bh3 15.Rfd1 Bxg2 16.Kxg2 Qe6 17.d4 exd4 18.Bxd4 a5 19.Nc5
Bxc5 20.Bxc5 Rfd8 21.b5 Ne5 22.Nd4 Qd5+ 23.e4 Qc4 24.Bxb6 Qxc2
25.Nxc2 cxb6 26.Ne3 Rac8 27.Rxc8 Rxc8 28.f4 Ng6 29.Rd7 h5 30.Rxb7
Nf8 31.a4 Rc3 32.Nd5 Rc4 33.Nxb6 Rxe4 34.Rb8 1-0

[Event "VIII TchRUS W"]
[Site "Sochi RUS"]
[Date "2007.05.02"]
[Round "2"]
[White "Zdebskaja, Natalia"]
[Black "Paehtz, Elisabeth"]
[Result "0-1"]
[WhiteElo "2335"]
[BlackElo "2438"]
[Annotator ""]
[Source ""]
[Remark ""]

1.e4 e6 2.d4 d5 3.Nc3 Nf6 4.Bg5 Bb4 5.e5 h6 6.Bd2 Bxc3 7.bxc3
Ne4 8.Qg4 Kf8 9.Qf4 Qg5 10.c4 Nxd2 11.Qxd2 Qxd2+ 12.Kxd2 dxc4
13.Bxc4 Nd7 14.Ne2 c5 15.c3 Ke7 16.Bd3 Rd8 17.Ke3 cxd4+ 18.cxd4
Nb6 19.Be4 Nc4+ 20.Kf4 f5 21.exf6+ gxf6 22.g4 Nd6 23.Bf3 Bd7
24.Rab1 Rac8 25.Rhc1 b5 26.Rc5 Nc4 27.Bb7 Rxc5 28.dxc5 e5+ 29.Kg3
Rb8 30.Ba6 h5 31.h3 hxg4 32.hxg4 Nd2 33.Rb4 Bc6 34.f3 Bxf3 35.Nc3
Rg8 36.Nb1 Rxg4+ 37.Rxg4 Bxg4 38.Kxg4 Nxb1 39.Bxb5 Nc3 40.Bc4
Ne4 41.c6 Nd6 42.Bd5 Nb5 43.Kh5 Nd4 44.Kg6 f5 45.c7 Kd7 46.Kf6
e4 0-1

[Event "VIII TchRUS W"]
[Site "Sochi RUS"]
[Date "2007.05.02"]
[Round "2"]
[White "Kursova, Maria"]
[Black "Zakurdjaeva, Irina"]
[Result "1-0"]
[WhiteElo "2324"]
[BlackElo "2286"]
[Annotator ""]
[Source ""]
[Remark ""]

1.d4 c5 2.d5 e5 3.e4 d6 4.Be2 Nf6 5.Nc3 Be7 6.Nf3 O-O 7.O-O a6
8.a4 Ne8 9.Nd2 Nd7 10.a5 Nc7 11.Nc4 Rb8 12.f4 Ne8 13.fxe5 Nxe5
14.Nxe5 dxe5 15.Be3 Qc7 16.Qe1 Bd7 17.Qg3 Bd6 18.Bg4 Bxg4 19.Qxg4
c4 20.Na4 Qxa5 21.Nb6 Qb5 22.Nd7 Qxb2 23.Nxf8 Bxf8 24.Rab1 Qa3
25.Qf3 Nf6 26.Qf2 b5 27.Ra1 Qd6 28.Bg5 Qc7 29.Qf5 Rb6 30.Kh1
Ne8 31.Bd8 1-0

[Event "VIII TchRUS W"]
[Site "Sochi RUS"]
[Date "2007.05.02"]
[Round "2"]
[White "Kostiuk, Tatiana"]
[Black "Kovanova, Baira"]
[Result "1/2-1/2"]
[WhiteElo "2232"]
[BlackElo "2331"]
[Annotator ""]
[Source ""]
[Remark ""]

1.d4 Nf6 2.Nf3 e6 3.c4 b6 4.g3 Ba6 5.Nbd2 d5 6.Bg2 Be7 7.O-O
O-O 8.b3 Nbd7 9.Bb2 c5 10.Rc1 Rc8 11.Re1 Bb7 12.cxd5 Nxd5 13.Nc4
b5 14.Nce5 N7b6 15.dxc5 Bxc5 16.Nd3 Be7 17.Rxc8 Qxc8 18.Qa1 Bf6
19.Rc1 Bxb2 20.Qxb2 Qb8 21.Nd4 a6 22.Nc6 Qd6 23.Na5 Ba8 24.b4
Na4 25.Qd4 Rd8 26.Kf1 h6 27.a3 Qe7 28.Qa1 Qg5 29.Qe5 Qd2 30.Nb3
Qa2 31.Nbc5 Qxa3 32.Ra1 Qc3 33.Nxa4 Qxe5 34.Nxe5 bxa4 35.Rxa4
Nf4 36.Ra1 Bxg2+ 37.Kg1 Nxe2+ 38.Kxg2 Rd6 39.Nc4 Rd4 40.Ne5 Rd6
41.Nc4 Rc6 42.Ne5 Rd6 43.Nc4 Rd4 44.Ne5 Rxb4 45.Rxa6 Rb8 46.Ra7
Rf8 47.Nd7 Re8 48.f4 f6 49.Ra4 Nc3 50.Rc4 Nd5 51.Re4 Kf7 52.Nc5
e5 53.fxe5 Rxe5 54.Rd4 Ne3+ 55.Kf2 Rxc5 56.Kxe3 Rc3+ 57.Kf4 g5+
58.Kf5 Rf3+ 59.Kg4 Rf2 60.h4 Kg6 61.hxg5 hxg5 62.Rd6 Rc2 63.Ra6
Rc4+ 64.Kf3 g4+ 65.Ke3 Kg5 66.Ra5+ f5 67.Kf2 Rc2+ 68.Kf1 Rd2
69.Ra6 Rc2 1/2-1/2

[Event " VIII TchRUS W"]
[Site "Sochi"]
[Date "2007.05.03"]
[Round "3"]
[White "Airapetian, Tatevik"]
[Black "Zaiatz, Elena"]
[Result "0-1"]
[WhiteElo "2234"]
[BlackElo "2387"]
[Annotator ""]
[Source ""]
[Remark ""]

1.e4 c5 2.Nf3 Nc6 3.d4 cxd4 4.Nxd4 Nf6 5.Nc3 d6 6.Be3 Ng4 7.Bg5
h6 8.Bh4 g5 9.Bg3 Bg7 10.Nb3 Be6 11.Be2 Qc8 12.O-O h5 13.Nb5
Nge5 14.Bxh5 g4 15.f4 Rxh5 16.fxe5 Bxe5 17.Bxe5 Nxe5 18.N5d4
Kd7 19.g3 Bxb3 20.cxb3 Qc5 21.Rc1 Qb6 22.Kh1 Rah8 23.Rc2 R8h7
24.Rff2 Qa6 25.Rc3 Qxa2 26.b4 Nc6 27.Qxg4+ f5 28.Rxf5 Rxh2+ 29.Kg1
Rh1+ 30.Kg2 R7h2+ 31.Kf3 Nxd4+ 32.Ke3 Re1+ 33.Kd3 Qb1+ 34.Kc4
Ne6 35.Rf4 Rxb2 0-1

[Event "VIII TchRUS W"]
[Site "Sochi"]
[Date "2007.05.03"]
[Round "3"]
[White "Gaponenko, Inna"]
[Black "Meshcheriakova, Evgenia"]
[Result "1/2-1/2"]
[WhiteElo "2451"]
[BlackElo "2451"]
[Annotator ""]
[Source ""]
[Remark ""]

1.e4 e5 2.Nf3 Nc6 3.Bb5 a6 4.Ba4 Nf6 5.Qe2 b5 6.Bb3 Be7 7.c3
O-O 8.d4 d6 9.Nbd2 Re8 10.a4 Bd7 11.O-O Bf8 12.Ng5 Re7 13.d5
Na5 14.Bc2 h6 15.Ngf3 c6 16.b4 Nb7 17.dxc6 Bxc6 18.c4 bxc4 19.Nxc4
Bxe4 20.Bxe4 Nxe4 21.Qxe4 d5 22.Qe2 dxc4 23.Bb2 e4 24.Ne5 c3
25.Bxc3 Qc7 26.Qb2 Rae8 27.Ng4 Re6 28.Ne3 Nd6 29.Qb3 Qb7 30.Rfd1
Rc8 31.Rac1 Ree8 32.h3 Rc7 33.Bb2 Rd7 34.Rd5 Rb8 35.Rcd1 Rbd8
36.Be5 Nc8 37.b5 axb5 38.axb5 Nb6 39.Rxd7 Rxd7 40.Rxd7 Qxd7 41.Qb2
Qd3 42.Qd4 Qxb5 43.Qxe4 Nd7 44.Bc3 Nc5 45.Qd5 1/2-1/2

[Event "VIII TchRUS W"]
[Site "Sochi"]
[Date "2007.05.03"]
[Round "3"]
[White "Melnikova, Yana"]
[Black "Shaidullina, Sandugach"]
[Result "1/2-1/2"]
[WhiteElo "2305"]
[BlackElo "2305"]
[Annotator ""]
[Source ""]
[Remark ""]

1.e4 c5 2.Nf3 d6 3.d4 cxd4 4.Nxd4 Nf6 5.Nc3 Nc6 6.Be3 Ng4 7.Bb5
Nxe3 8.fxe3 Bd7 9.O-O e6 10.Bxc6 bxc6 11.Qf3 Qf6 12.Qe2 Qg5 13.Rf3
e5 14.Rg3 Qd8 15.Nf3 g6 16.Rd1 Be7 17.Na4 h5 18.Nc5 h4 19.Nxd7
hxg3 20.Ndxe5 gxh2+ 21.Nxh2 Qb6 22.Nc4 Qc7 23.Ng4 Rd8 24.Qf3
d5 25.Nce5 Rh7 26.exd5 f5 27.d6 Rxd6 28.Rxd6 Qxd6 29.Nc4 Qd5
30.Nge5 Rh4 31.b3 Rh5 32.Nxc6 Qxf3 33.gxf3 Bc5 34.f4 Rh7 35.Kg2
g5 36.fxg5 Rg7 37.Kf3 Rxg5 38.b4 Bf8 39.a3 a6 40.Nd4 Rg1 41.Nxf5
Rc1 42.Nd4 Bg7 43.Ke4 Bxd4 44.exd4 Rxc2 45.Kd5 Kd7 46.a4 Rh2
47.Kc5 Rh8 48.Nb6+ Kc7 49.d5 Rh6 50.Nc4 Rh5 51.b5 axb5 52.axb5
Rg5 53.b6+ Kd7 54.Na5 Rg1 55.Nc4 Rc1 56.d6 Kc8 57.Kd5 Kb7 58.Kc5
Kc8 59.Kd4 Kb7 60.Kd5 Rd1+ 61.Kc5 Ka6 62.Kc6 Rd4 63.Kc5 Rd1 64.Kc6
Rd4 65.Ne5 Rxd6+ 1/2-1/2

[Event "VIII TchRUS W"]
[Site "Sochi"]
[Date "2007.05.03"]
[Round "3"]
[White "Novikova, Anna"]
[Black "Zhao, Xue"]
[Result "1-0"]
[WhiteElo "2272"]
[BlackElo "2467"]
[Annotator ""]
[Source ""]
[Remark ""]

1.e4 Nf6 2.e5 Nd5 3.d4 d6 4.c4 Nb6 5.exd6 exd6 6.Nf3 Be7 7.Be2
O-O 8.O-O Bg4 9.Be3 c6 10.Nbd2 a5 11.Rc1 Na6 12.Re1 Re8 13.h3
Bh5 14.Nf1 Bf6 15.g4 Bg6 16.g5 Be7 17.Ng3 d5 18.c5 Nd7 19.h4
f6 20.h5 Bf7 21.g6 hxg6 22.hxg6 Be6 23.Nh4 f5 24.Nhxf5 Nf8 25.Bxa6
bxa6 26.Qh5 Qd7 27.Kg2 Bxf5 28.Nxf5 Qe6 29.Nxg7 Qe4+ 30.f3 Qxg6+
31.Qxg6 Nxg6 32.Nxe8 Rxe8 33.Bg5 Kf7 34.Bxe7 Nxe7 35.Re5 Rb8
36.Rce1 Ng6 37.Rf5+ Kg7 38.Kg3 Nf8 39.Re7+ Kg6 40.Kg4 Rc8 41.Rxf8
Rxf8 42.Re6+ Kf7 43.Rxc6 Rb8 44.Rb6 Rh8 45.Rxa6 Rh2 46.Rxa5 Rxb2
47.Kf5 Re2 48.Ra7+ Ke8 49.a4 1-0

[Event "VIII TchRUS W"]
[Site "Sochi"]
[Date "2007.05.03"]
[Round "3"]
[White "Manakova, Irina"]
[Black "Kursova, Maria"]
[Result "0-1"]
[WhiteElo "2244"]
[BlackElo "2324"]
[Annotator ""]
[Source ""]
[Remark ""]

1.e4 c5 2.Nf3 e6 3.b3 b6 4.Bb2 Bb7 5.Nc3 a6 6.d4 cxd4 7.Nxd4
Qc7 8.Bd3 Bb4 9.Nde2 Nf6 10.f3 O-O 11.a3 Bd6 12.Qd2 Be7 13.O-O-O
b5 14.e5 Qxe5 15.Nxb5 Qc5 16.Nbd4 Nc6 17.Nxc6 Qxc6 18.Nd4 Qb6
19.Qe1 Nd5 20.Be4 Rac8 21.Kb1 Bf6 22.Ne2 Bxb2 23.Kxb2 Ne3 24.Rc1
Bxe4 25.fxe4 Rc4 26.c3 Rxe4 27.g3 Rb8 28.b4 Qb5 29.Ka2 Ng2 0-1

[Event "VIII TchRUS W"]
[Site "Sochi"]
[Date "2007.05.03"]
[Round "3"]
[White "Kovanova, Baira"]
[Black "Ivanova, Yulija"]
[Result "1-0"]
[WhiteElo "2331"]
[BlackElo "2155"]
[Annotator ""]
[Source ""]
[Remark ""]

1.e4 c5 2.Nf3 d6 3.d4 cxd4 4.Nxd4 Nf6 5.Nc3 a6 6.Be2 e6 7.O-O
Be7 8.a4 Qc7 9.f4 Nbd7 10.Be3 b6 11.Bf3 Bb7 12.f5 e5 13.Nb3 Rc8
14.Qe1 O-O 15.g4 Qc4 16.g5 Ne8 17.Qg3 Kh8 18.f6 Bxf6 19.gxf6
Nexf6 20.Qg2 Rg8 21.Rad1 Qb4 22.Qd2 d5 23.Nxd5 Qxa4 24.Ne7 Bxe4
25.Nxc8 Rxc8 26.Bxe4 Qxe4 27.c3 Qg4+ 28.Qg2 Qe6 29.Nd2 Ng4 30.Rde1
f5 31.Nf3 h6 32.h3 Ngf6 33.Nh4 g6 34.Bxh6 Rg8 35.Bg5 Nc5 36.b4
Nd3 37.Re3 e4 38.Bxf6+ Qxf6 39.Rxe4 Qxc3 40.Nxg6+ 1-0

[Event "VIII TchRUS W"]
[Site "Sochi"]
[Date "2007.05.03"]
[Round "3"]
[White "Matveeva, Svetlana"]
[Black "Guseva, Marina"]
[Result "1-0"]
[WhiteElo "2406"]
[BlackElo "2320"]
[Annotator ""]
[Source ""]
[Remark ""]

1.d4 d5 2.c4 e6 3.Nc3 c6 4.e3 Nf6 5.Nf3 Nbd7 6.Bd2 Bd6 7.Bd3
dxc4 8.Bxc4 e5 9.Qc2 Qe7 10.O-O-O b5 11.Bd3 Bb7 12.Ne4 Nxe4 13.Bxe4
Rc8 14.Bc3 Nf6 15.dxe5 Nxe4 16.exd6 Nxd6 17.Bxg7 Rg8 18.Qxh7
Rxg7 19.Qxg7 Ne4 20.Qh8+ Qf8 21.Qxf8+ Kxf8 22.Rd7 Nc5 23.Rd4
Ne6 24.Rd7 Nc5 25.Rhd1 Nxd7 26.Rxd7 Rb8 27.Ng5 c5 28.Rxf7+ Kg8
29.f3 1-0

[Event "VIII TchRUS W"]
[Site "Sochi"]
[Date "2007.05.03"]
[Round "3"]
[White "Zdebskaja, Natalia"]
[Black "Muzychuk, Anna"]
[Result "1/2-1/2"]
[WhiteElo "2335"]
[BlackElo "2474"]
[Annotator ""]
[Source ""]
[Remark ""]

1.e4 d5 2.exd5 Nf6 3.Bb5+ Bd7 4.Be2 Nxd5 5.d4 Bf5 6.Nf3 e6 7.O-O
Be7 8.a3 O-O 9.c4 Nb6 10.Nc3 Bf6 11.Be3 Nc6 12.h3 a5 13.b3 e5
14.d5 e4 15.Nd4 Nxd4 16.Bxd4 c6 17.Rc1 Re8 18.Bg4 Bxg4 19.hxg4
Bg5 20.f4 Bf6 21.Bxf6 Qxf6 22.g5 Qd8 23.Qd4 a4 24.Rb1 Ra6 25.Rfe1
e3 26.b4 cxd5 27.cxd5 h6 28.gxh6 Qf6 29.Qxf6 gxf6 30.b5 Raa8
31.d6 Rad8 32.Rbd1 Kh7 33.Rd3 Kxh6 34.Rdxe3 Rxe3 35.Rxe3 Rxd6
36.Re7 Rd3 37.Rxb7 Rxc3 38.Rxb6 Kg7 39.Ra6 1/2-1/2

[Event "VIII TchRUS W"]
[Site "Sochi"]
[Date "2007.05.03"]
[Round "3"]
[White "Pogonina, Natalija"]
[Black "Kostiuk, Tatiana"]
[Result "1-0"]
[WhiteElo "2419"]
[BlackElo "2232"]
[Annotator ""]
[Source ""]
[Remark ""]

1.e4 e5 2.Nf3 Nc6 3.Bb5 a6 4.Ba4 Nf6 5.O-O b5 6.Bb3 Be7 7.Re1
d6 8.c3 O-O 9.h3 Nb8 10.d3 Nbd7 11.Nbd2 Bb7 12.Nf1 h6 13.Ng3
Re8 14.Nf5 Bf8 15.Nh2 Nc5 16.Bc2 d5 17.Qf3 Kh7 18.Ng4 dxe4 19.dxe4
Nxg4 20.hxg4 Qf6 21.g5 hxg5 22.Qh5+ Kg8 23.Bxg5 Qc6 24.Rad1 g6
25.Nh6+ Kg7 26.Qh4 f6 27.Bc1 f5 28.Bg5 Nxe4 29.Rxe4 Bc5 30.Nxf5+
gxf5 31.Bh6+ Kh8 32.Be3+ Kg7 33.Qg5+ Qg6 34.Rd7+ Re7 35.Rxe7+
Bxe7 36.Qxe7+ Kg8 37.Bb3+ 1-0

[Event "VIII TchRUS W"]
[Site "Sochi"]
[Date "2007.05.03"]
[Round "3"]
[White "Bystryakova, Elena V."]
[Black "Gunina, Valentina"]
[Result "0-1"]
[WhiteElo "2189"]
[BlackElo "2308"]
[Annotator ""]
[Source ""]
[Remark ""]

1.d4 d5 2.c4 e6 3.Nf3 Nf6 4.g3 Be7 5.Bg2 O-O 6.O-O dxc4 7.Qc2
a6 8.Qxc4 b5 9.Qc2 Bb7 10.Bd2 Be4 11.Qc1 Bb7 12.Qc2 Be4 13.Qc1
Nbd7 14.Ba5 Rc8 15.Nbd2 Ba8 16.Nb3 Qe8 17.Nc5 Nxc5 18.dxc5 Qc6
19.Bb4 Qe4 20.Qe1 Nd5 21.a3 Bf6 22.Rb1 Rfd8 23.Nh4 Qc2 24.e4
Nxb4 25.Qxb4 Rd4 26.Qe1 Bxh4 27.gxh4 Qxc5 28.Qe3 e5 29.Kh1 Qe7
30.h5 h6 31.f4 Qh4 32.Rbc1 c5 33.Qg3 Qxg3 34.hxg3 Bxe4 35.fxe5
Bxg2+ 36.Kxg2 Re4 37.Rfe1 Rxe1 38.Rxe1 Rd8 39.e6 Rd2+ 40.Kf3
Kf8 41.b4 c4 42.a4 Rb2 43.axb5 axb5 44.Re5 Rxb4 45.Rf5 f6 46.Rc5
Ke7 47.Rc6 Rb1 48.Kf4 Rf1+ 49.Ke4 Re1+ 50.Kf5 Re5+ 0-1